ASOIAF Stark Lineage Quiz Stats

 Plays Quiz not verified by Sporcle

Score 0/76 Timer 10:00
0 Plays Today
% Correct
Bran
99.1%
Sansa
99%
Sansa
99%
Arya
98.7%
Arya
Flint
98.7%
Eddard
98.3%
Jon Snow
98.1%
Jon
Umber
98.1%
Rickon
98%
Rickon
98%
Rickon
98%
Robb
97.9%
Brandon
97%
Brandon
97%
Brandon
97%
Brandon
97%
Brandon
97%
Catelyn
Tully
96.8%
Benjen
95.2%
Benjen
95.2%
Benjen
95.2%
Benjen
95.2%
Lyanna
94.9%
Lyanna
94.9%
Tyrion
Lannister
93.4%
Rickard
91.7%
Jeyne
Westerling
88.5%
Jeyne
Manderly
88.5%
Lyarra
68.8%
Torrhen
60.3%
Alysanne
Blackwood
53%
Rodrik
50.7%
Lysa
Locke
49.5%
Alys
Karstark
49%
Alys
49%
Cregan
47.7%
Edwyle
40.9%
Edric
39.5%
% Correct
Alysanne
38.8%
Arra
Norrey
36.4%
Branda
35.2%
Jonnel
34.4%
Sarra
33.8%
Margaret
Karstark
33.4%
Artos
32.9%
Beron
32.5%
Lysara
Karstark
32.3%
Lyanne
Glover
31.8%
Bennard
31.8%
Serena
31.7%
Lynara
31.5%
Donnor
31.4%
Elric
31.3%
Arsa
31.2%
Barthogan
31.1%
Willam
31%
Mariah
30.7%
Osric
Umber
30.6%
Lonnel
Snow
30.5%
Marna
Locke
30.1%
Lorra
Royce
29.5%
Arrana
29.5%
Raya
29%
Cregard
28.8%
Robyn
Ryswell
28.8%
Jocelyn
28.7%
Benedict
Royce
27.7%
Myriame
Manderly
27.6%
Gilliane
Glover
27.5%
Harrold
Rogers
27%
Berena
26.5%
Rodwell
26.4%
Robard
Cerwyn
25.9%
Melantha
Blackwood
25.8%
Errold
24.7%
Aregelle
24.3%

You're not logged in!

Compare scores with friends on all Sporcle quizzes.
OR
Log In

You Might Also Like...

Show Comments

Extras

Top Quizzes Today


Score Distribution

Your Account Isn't Verified!

In order to create a playlist on Sporcle, you need to verify the email address you used during registration. Go to your Sporcle Settings to finish the process.

Report this User

Report this user for behavior that violates our Community Guidelines.

Details: